Céline Dion de A à Z - Statistiques

Statistiques générales
  • Ce quiz a été pris 86 fois
  • Le résultat moyen est 8 sur 24
Statistiques - réponses
Lettre Titres % Correct
P Paul et Virginie/Partout je vois/Piaf Chanterait du Rock/Pour que tu m'aimes Encore/Prière Païenne/Papillon/Prayer/Parler à mon père/Plus qu'ailleurs/Perfect Goodbye/Pour que tu m'aimes encore
91%
J Jours de fièvre/J'ai Besoin d'un Chum/Je danse dans ma Tête/Just Walk Away/Je Sais Pas/J'irai où tu Iras/J'attendais/Just a Little Bit of Love/Je crois toi/Je chanterai/Je lui dirai/Je cherche l'ombre/Je ne suis pas celle/Je n'ai pas besoin d'amour/Je nous veux
76%
A À quatre pas d'ici/Any Other Way/All By Myself/A Natural Woman/Amar Hacienda El Amor/Another Year Has Gone By/Ave Maria/Adeste Fideles/A New Day Has Come/At Last/Aùn Existe Amor/A New Day Has Come/Apprends-moi/A Mother's Prayer/À cause/Alone/A Song For You/A World to Believe In/Attendre/At Seventeen/Always Be Your Girl/À la plus haute branche/À vous/Artist Always/A New Day Has Come/Ashes
60%
M Mon ami m'a quitté/Misled/Make You Happy/Miles to Go/My Heart Will Go On/Mon homme/Miracle/My Precious One/My Love/Map To My Heart/Moi quand je pleure/Ma faille/Ma force
60%
D D'amour ou d'amitié/Du soleil au cœur/D'abord, c'est quoi l'amour/Délivre-moi/Des Mots Qui Sonnent/Did You Give Enough Love/Destin/Declaration of Love/Dreamin' of You/Dans un autre monde/Don't Save It All for Christmas Day/Des milliers de baisers/Didn't Know Love/Dansons
57%
I Incognito/If Love Is Out of the Question/I'm Loving Every Moment Whit You/I Feel Too Much/If We Could Start Over/If You Asked Me To/If You Could See Me Now/If I Were You/I Love You Goodbye/I Remember L.A./It's All Coming Back to Me Now/I Love You/If That's What It Takes/I Don't Know/Immortality/I Hate You Then I Love You/I Meet an Angel/I'm Alive/I Surrender/I Drove All Night/In His Touch/I Know What Love Is/If I Could/In Some Small Way/Immensité/I Got Nothin' Left/Incredible/Imperfections/I Will Be Stronger
57%
E Everybody's Talkin' My Baby Down/En attendant ses pas/Et Je T'aime Encore/Et je t'aime encore/Et s'il n'en restait qu'une/Eyes On Me/Encore un soir
51%
Z Ziggy/Zora sourit
51%
S Show Some Emotion/Seduces Me/Sur le même bateau/S'il suffisait d'aimer/Super Love/Sorry for Love/Stand By Your Side/Sorry for Love/Sleep Tight/Si j'étais quelqu'un/Shadow Of Love/Surprise Surprise/Skies Of L.A./Si je n'ai rien de toi/Somebody Loves Somebody/Save Your Soul/Si c'était à refaire/Say Yes/Swallows/Set My Heart On Fire/Soul
37%
V Vole/Valse adieu
33%
T Tellement j'ai d'amour pour toi/Trois heures vingt/Trop jeune à dix-sept ans/The Last to Know/The Power of Love/Think Twice/The Colour of My Love/The Reason/Treat Her Like a Lady/Tell Him/Terre/Tous les blues sont écrits pour toi/The Magic of Christmas Day/The Christmas Song/The Prayer/These Are the Special Times/Ten Days/The Greatest Reward/Tout l'or des hommes/Tu nages/The First Time Ever I Saw Your Face/Taking Chances/This Time/That's Just The Woman In Me/Taking Chances/Tant de temps/Thank You/Thankful/Tu sauras/Toutes ces choses/The Chase/The Hard Way/The Power of Love/The Episode/The Awakening/Talea
30%
L La dodo la do/Les chemins de ma saison/Le vieux monsieur de la rue royale/La voix du Bon Dieu/Lolita/Love By Another Name/Le Monde Est Stone/Le Fils de Superman/Le Blues du Businessman/Les Uns contre les Autres/L'amour existe encore/Love Can Move Mountains/Little Bit of Love/Love Doesn't Ask Why/Le Ballet/La mémoire d'Abraham/Les derniers seront les premiers/Love Is On the Way/Let's Talk About Love/L'abandon/Les cloches du Hameau/Love Is All We Need/Le vol d'un ange/Le Loup, la Biche et le Chevalier/Les paradis/La diva/Le temps qui compte/Lettre de George Sand à Alfred de Musset/Le miracle/L'amour peut prendre froid/La mer et l'enfant/Les petits pieds de Léa/Les jours comme ça/Loved Me Back to Life/Lullabye/L'étoile/Les yeux au ciel/Le bonheur en face/Lovers Never Die/Lying Down/Look at Us Now/Love Again
27%
O On traverse un miroir/Oxygène/Only One Road/On ne change pas/O Holy Night/One Heart/On s'est aimé à cause/Overjoyed/Ordinaire
27%
B Benjamin/Beauty and the Beast/Because You Loved Me/Be the Man/Blue Christmas/Brahm's Lullaby/Brahm's Lullaby/Baby Close Your Eyes/Beautiful Boy/BerceuseBreakaway/Baby/Best of All/Boundaries/Because You Loved Me
21%
N Ne partez pas sans moi/Ne me plaignez pas/Nothing Broken But My Heart/Next Plane Out/No Living Without Loving You/Lovin' Proof/Nature Boy/Naked/Ne bouge pas/New Dawn/Ne me quitte pas/Nobody's Watching
21%
R Real Emotion/Refuse To Dance/Regarde-Moi/River Deep, Mountain High/Right In Front of You/Rain, Tax/Reveal/Retiens-moi/Rien n'est vraiment fini/Right Next To The Right One/River Deep, Mountain High/Mama Dion
16%
H Hello Mister Sam/Have a Heart/Halfway to Heaven/Happy Xmas/Have You Ever Been In Love/Have You Ever Been In Love/How Do You Keep the Music Playing/How Did You Get Here/Heart of Glass/Hymne à l'Amour
10%
F Falling Into You/Fly/Feliz Navidad/Faith/Forget Me Not/Femme comme chacune/Fade Away/Flying on My Own/Falling In Love Again/For the Lover That Lost
9%
W Where Does My Heart Beat Now/Water from the Moon/With This Tear/Where Does My Heart Beat Now/When I Fall in Love/Why Oh Why/When I Need You/Where Is the Love/When the Wrong One Loves You Right/What a Wonderful World/Water of Flame/The Diagnosis
9%
C Comme un cœur froid/Cherche Encore/Call the Man/Christmas Eve/Coulda Woulda Shoulda/Contre nature/Come To Me/Can't Fight The Feelin'/Celle qui m'a tout appris/Courage/Change My Mind
6%
Q Quelqu'un que j'aime, Quelqu'un qui m'aime/Qui peut vivre sans amour/Que toi au monde
4%
G Goodbye's
3%
U Unison/Us/Une chance qu'on s'a/Unfinished Songs
3%
Y Your Light
0%
Aucun quiz correspondant
Distribution des résultats
% des personnes avec chaque résultat
Percentile par nombre de réponses
Votre historique - résultats
Vous n’avez pas pris ce quiz